[Event "British Universities-ch"]
[Site "Chess.com INT"]
[Date "2022.03.05"]
[Round "4.2"]
[White "Abidy, Ahmad Rashid"]
[Black "Pyda, Arjun"]
[Result "1-0"]
[WhiteElo "1320"]
[BlackElo "1639"]
[PlyCount "59"]
[EventDate "2022.03.05"]
[EventType "swiss"]
[EventRounds "9"]
[EventCountry "ENG"]
[SourceTitle "EXT 2023"]
[Source "ChessBase"]
[SourceDate "2022.10.05"]
[SourceVersion "1"]
[SourceVersionDate "2022.10.05"]
[SourceQuality "1"]
[WhiteTeam "Brunel"]
[BlackTeam "Warwick (Knights) VII"]
[WhiteTeamCountry "ENG"]
[BlackTeamCountry "ENG"]

1. e4 d5 2. exd5 Qxd5 3. Nc3 Qd8 4. Bc4 Bf5 5. Nf3 Nf6 6. d4 c6 7. 0-0 e6 8. Ne5 Nbd7 9. Bg5 Be7 10. Qf3 Nxe5 11. dxe5 Nd5 12. Bxe7 Nxe7 13. Rad1 Qc7 14. Rd6 0-0 15. g4 Bxc2 16. Rc1 Bg6 17. h4 h6 18. g5 Nf5 19. h5 Nxd6 20. exd6 Qxd6 21. hxg6 fxg6 22. Qg3 Qxg3+ 23. fxg3 hxg5 24. Bxe6+ Rf7 25. Rf1 Raf8 26. Ne4 Kh8 27. Rxf7 Re8 28. Nxg5 Rb8 29. Kg2 a6 30. Rf1 1-0